[Event "Villa Tehuelches Cuarto op"]
[Site "Villa Tehuelches"]
[Date "2018.07.13"]
[Round "5"]
[White "Poblete Rojas, Pablo"]
[Black "Barra Carrasco, Hector"]
[Result "1/2-1/2"]
[WhiteElo "1960"]
[BlackElo "2101"]
[PlyCount "145"]
[EventDate "2018.07.11"]
[EventType "swiss"]
[EventRounds "7"]
[EventCountry "CHI"]
[SourceTitle "EXT 2020"]
[Source "ChessBase"]
[SourceDate "2019.10.17"]
[SourceVersion "1"]
[SourceVersionDate "2019.10.17"]
[SourceQuality "1"]

1. d4 d6 2. Nf3 Nf6 3. c4 Nbd7 4. Nc3 e5 5. d5 Be7 6. e4 0-0 7. Be2 Nc5 8. Qc2 a5 9. Be3 b6 10. Nd2 Ng4 11. Bxg4 Bxg4 12. a3 Bg5 13. 0-0 Bxe3 14. fxe3 a4 15. b4 axb3 16. Nxb3 Qg5 17. Rfe1 Nd7 18. Nb5 Rfc8 19. Nd2 Nf6 20. Kh1 Bh5 21. Qd3 Bg6 22. Rf1 Qh4 23. Nc3 Ng4 24. Nf3 Qh6 25. Nd1 Re8 26. h3 Nf6 27. Nc3 Re7 28. Nd2 Qh4 29. Kh2 Qh6 30. Qe2 Bh5 31. Qe1 Kh8 32. g3 Bg4 33. h4 Bc8 34. Kg2 Ng4 35. Nd1 Bd7 36. Nf3 Qg6 37. Nc3 h5 38. Qe2 Qh6 39. Rfe1 f6 40. Nh2 g5 41. Nxg4 Bxg4 42. Qf2 gxh4 43. gxh4 Rg7 44. Kh2 Rg6 45. Ne2 Qg7 46. Ng3 Rg8 47. Rg1 Qd7 48. a4 Ra8 49. Nf5 Rxa4 50. Rac1 Bxf5 51. exf5 Rxg1 52. Rxg1 Rxc4 53. Rg6 Qf7 54. Rh6+ Kg7 55. Rg6+ Kf8 56. Qa2 Rxh4+ 57. Kg3 Rg4+ 58. Rxg4 hxg4 59. Qa8+ Qe8 60. Qb7 Qd7 61. e4 Kg7 62. Qa6 Kh7 63. Qc4 Qg7 64. Qc1 Kh8 65. Qc6 Kg8 66. Qe8+ Kh7 67. Qh5+ Qh6 68. Qf7+ Qg7 69. Qh5+ Kg8 70. Qe8+ Qf8 71. Qg6+ Kh8 72. Qh5+ Kg8 73. Qg6+ 1/2-1/2

[Event "Villa Tehuelches op"]
[Site "Villa Tehuelches"]
[Date "2017.07.14"]
[Round "6"]
[White "Abarca Gonzalez, Nicolas"]
[Black "Barra Carrasco, Hector"]
[Result "1-0"]
[WhiteElo "2382"]
[BlackElo "2121"]
[PlyCount "65"]
[EventDate "2017.07.11"]
[EventType "swiss"]
[EventRounds "7"]
[EventCountry "CHI"]
[SourceTitle "EXT 2018"]
[Source "ChessBase"]
[SourceDate "2017.10.13"]
[SourceVersion "1"]
[SourceVersionDate "2017.10.13"]
[SourceQuality "1"]

1. e4 e6 2. d4 d5 3. exd5 exd5 4. c4 Nf6 5. Nc3 Be7 6. Nf3 0-0 7. cxd5 Nxd5 8. Bd3 Nc6 9. h3 Be6 10. 0-0 Bf6 11. Be4 a6 12. Qd3 g6 13. Bh6 Re8 14. a3 Qd6 15. Rfe1 Rad8 16. Qd2 Nxc3 17. bxc3 Bd5 18. Bxd5 Qxd5 19. Qf4 Qd6 20. Qg4 Ne7 21. Ne5 Bg7 22. Bf4 Nd5 23. Bg3 Nf6 24. Qf4 Re6 25. a4 Qf8 26. Qf3 c5 27. Qxb7 cxd4 28. cxd4 Rxd4 29. Rab1 Rxa4 30. Nd7 Nxd7 31. Rxe6 fxe6 32. Qxd7 Ra5 33. Rb8 1-0

[Event "Villa Tehuelches op"]
[Site "Villa Tehuelches"]
[Date "2017.07.13"]
[Round "5"]
[White "Barra Carrasco, Hector"]
[Black "Vega, Rodrigo"]
[Result "1-0"]
[WhiteElo "2121"]
[BlackElo "1893"]
[PlyCount "71"]
[EventDate "2017.07.11"]
[EventType "swiss"]
[EventRounds "7"]
[EventCountry "CHI"]
[SourceTitle "EXT 2018"]
[Source "ChessBase"]
[SourceDate "2017.10.13"]
[SourceVersion "1"]
[SourceVersionDate "2017.10.13"]
[SourceQuality "1"]

1. e4 e5 2. Nf3 Nc6 3. Nc3 Bc5 4. Bb5 d6 5. d4 exd4 6. Nxd4 Bd7 7. Nb3 Bb6 8. 0-0 Nf6 9. Bg5 h6 10. Bxf6 Qxf6 11. Nd5 Qd8 12. a4 Ne7 13. Bxd7+ Qxd7 14. a5 Bc5 15. Nxc5 dxc5 16. Re1 c6 17. Nxe7 Qxd1 18. Raxd1 Kxe7 19. c4 Rad8 20. Kf1 Rd4 21. Rxd4 cxd4 22. c5 Rd8 23. Ke2 Ke6 24. Kd3 Ke5 25. b4 b6 26. f4+ Ke6 27. h3 h5 28. g3 h4 29. g4 f6 30. e5 f5 31. gxf5+ Kxf5 32. Re4 g5 33. fxg5 Kxg5 34. e6 Re8 35. e7 Kf6 36. Kxd4 1-0

[Event "Villa Tehuelches 50 aniversity 2nd"]
[Site "Villa Tehuelches"]
[Date "2016.07.14"]
[Round "5.4"]
[White "Torres, Federico"]
[Black "Barra Carrasco, Hector"]
[Result "1/2-1/2"]
[WhiteElo "2174"]
[BlackElo "2141"]
[PlyCount "65"]
[EventDate "2016.07.12"]
[EventType "swiss"]
[EventRounds "7"]
[EventCountry "CHI"]
[SourceTitle "EXT 2024"]
[Source "ChessBase"]
[SourceDate "2023.10.10"]
[SourceVersion "1"]
[SourceVersionDate "2023.10.10"]
[SourceQuality "1"]

1. e4 c5 2. Nf3 d6 3. d3 Nc6 4. g3 Nf6 5. Bg2 g6 6. 0-0 Bg7 7. c3 0-0 8. Re1 Qc7 9. Nbd2 Rb8 10. Nf1 b5 11. Bf4 b4 12. Ne3 bxc3 13. bxc3 Qa5 14. Nc4 Qa6 15. Qc2 Be6 16. Nfd2 Nh5 17. Be3 Ne5 18. Nxe5 Bxe5 19. Bf3 Qa3 20. Bxh5 gxh5 21. d4 Bg7 22. Reb1 cxd4 23. cxd4 Rxb1+ 24. Rxb1 Rc8 25. Qb2 Qd3 26. Qb5 Qc3 27. d5 Bh3 28. Nb3 Qc4 29. Qxc4 Rxc4 30. f3 f5 31. Rc1 Rxc1+ 32. Nxc1 fxe4 33. fxe4 1/2-1/2